00634nam a22001697a 450000500170000002000180001710000240003524500270005926000210008630000110010765000240011865000240014265000270016694200120019399900190020595202400022420260113113151.0 a9780486801544 aCroom, Fred H97810 aPrinciples of topology aUSAbDoverc2016 axi+312 aMetric spaces97811 aConnectedness97812 aMetrizable space97813 2ddccBK c755006d755006 00102ddc40708GIFaMATbMATcGENd2026-01-08eDonated by Dr. Krishna Kumar G on the completion of SERB sponsored project (UO. No: Ad.F1/1373/2021 dated 22/01/2024)g2332.20l0o514 CRO-PpMATG243r2026-01-13 06:03:11w2026-01-13yBK